000 00295nam a22001337a 4500
008 180115b xxu||||| |||| 00| 0 eng d
020 _a9780077523855
041 _aeng
080 _28 ED
_a573
100 _a11
101 _aBIO
245 _aCONCEPTS BIOLOGY
_cMADER.S.S
942 _2udc
_cBK
999 _c40304
_d40304